000 00363nam a2200157Ia 4500
003 0STCL
008 150530s9999 xx 000 0 und d
040 _aSTCL
_cSTCL
100 _aHerman Melville
245 _aHerman Melville Mardi and a voyage thither
260 _c1964
546 _aEnglish
942 _2ddc
_cBK
999 _c67422
_d67422
005 20220125171343.0